[Event "Moscow Open 2012 A"]
[Site "Moscow RUS"]
[Date "2012.01.29"]
[Round "2.84"]
[White "Morozov,G"]
[Black "Akhmetov,Ay"]
[Result "0-1"]
[WhiteElo "2351"]
[BlackElo "2163"]

1.d4 Nf6 2.c4 e6 3.Nf3 c5 4.d5 exd5 5.cxd5 d6 6.Nc3 a6 7.a4 g6 8.e4 Bg7 9.Be2 Bg4
10.Bf4 O-O 11.O-O Bxf3 12.Bxf3 Ne8 13.Qd2 Nd7 14.Be2 Rb8 15.Ra3 Qe7 16.Bh6 Nc7
17.a5 Bxh6 18.Qxh6 b5 19.Nd1 Qxe4 20.Rh3 Nf6 21.Ne3 Rfe8 22.Bf3 Qe5 23.g4 Qxb2
24.g5 Nd7 25.Qxh7+ Kf8 26.Bh5 Qg7 27.Bxg6 Qxg6 28.Nf5 Nf6 29.Qxg6 fxg6 30.gxf6 gxf5
31.Rh8+ Kf7 32.Rh7+ Kxf6 33.Rxc7 b4 34.Rb1 b3 35.Rc6 Ke5 36.Rxa6 c4 37.f4+ Kxd5
38.Rd1+ Ke4 39.Raxd6 b2 40.Kf2 Kxf4  0-1

[Event "Moscow Open 2012 A"]
[Site "Moscow RUS"]
[Date "2012.01.31"]
[Round "4.31"]
[White "Cori T.,D"]
[Black "Gabrielian,A"]
[Result "0-1"]
[WhiteElo "2415"]
[BlackElo "2545"]

1.d4 Nf6 2.c4 e6 3.Nf3 c5 4.d5 d6 5.Nc3 exd5 6.cxd5 g6 7.Bf4 a6 8.a4 Bg7
9.h3 O-O 10.e3 Re8 11.Bd3 Nbd7 12.O-O Nh5 13.Bh2 Ne5 14.Be2 Nxf3+ 15.Bxf3 Nf6
16.a5 b5 17.axb6 Qxb6 18.Na4 Qd8 19.Qb3 Bf8 20.Qb6 Qe7 21.b4 cxb4 22.Qxb4 a5
23.Qd2 Bf5 24.Nb6 Ra6 25.Nc4 Ne4 26.Bxe4 Qxe4 27.Rfc1 a4 28.Na5 Rea8 29.Nc6 a3
30.Ra2 Bd7 31.f3 Qa4 32.Rc3 Bxc6 33.dxc6 Rxc6 34.Raxa3 Qxa3 35.Rxc6 Qb3 36.Bxd6 Rd8
37.Qd4 Qe6 38.Bxf8 Rxd4 39.Rxe6 Rd1+ 40.Kf2 fxe6 41.Bh6 Rd2+ 42.Kg3 Re2 43.h4 Kf7
44.Kh3 Kf6 45.g3 Rf2 46.Kg4 e5 47.e4 Kf7 48.f4 Ke6 49.h5 gxh5+ 50.Kh3 Re2
51.Bg7 exf4 52.gxf4 Rxe4 53.f5+ Kxf5 54.Bf8 Kg5 55.Bd6 Re3+ 56.Kg2 Kg4 57.Bb8 Re2+
58.Kh1 Kh3 59.Ba7 Rb2 60.Bc5 Rh2+ 61.Kg1 Rc2 62.Bd6 Rc1+ 63.Kf2 Rc6 64.Bb8 Rc8
65.Bd6 Rg8 66.Bc7 Rg2+ 67.Kf1 Rb2 68.Bd6 Kg4 69.Kg1 Kf3 70.Kh1 Rg2 71.Bc7 h6
72.Bd6 Rd2 73.Bb8 Rd7 74.Be5 Rd2 75.Bc7 Kg4 76.Kg1 Kh3 77.Bf4 Ra2 78.Bc7 Rg2+
79.Kf1 Rg4 80.Bd6 Rg6  0-1

[Event "17th HIT Open A"]
[Site "Nova Gorica SLO"]
[Date "2012.01.31"]
[Round "7"]
[White "Tratar,M"]
[Black "Milenkovic,Ml"]
[Result "1-0"]
[WhiteElo "2499"]
[BlackElo "2396"]

1.d4 Nf6 2.c4 e6 3.Nf3 c5 4.d5 exd5 5.cxd5 d6 6.Nc3 g6 7.Nd2 Nbd7 8.e4 a6
9.a4 Bg7 10.Be2 O-O 11.O-O Re8 12.Ra3 Rb8 13.a5 Qc7 14.Qc2 h6 15.h3 Kh7 16.Kh1 Ng8
17.f4 b5 18.axb6 Rxb6 19.Nc4 Rb8 20.e5 dxe5 21.d6 Qd8 22.f5 Nb6 23.fxg6+ fxg6
24.Ne4 Bf5 25.Ne3 Bxe4 26.Qxe4 Nf6 27.Qc2 Qxd6 28.Rxa6 Qe7 29.Nc4 Nbd5 30.Bd2 e4
31.Ne3 Nb4 32.Bxb4 Rxb4 33.Raxf6 Qe5 34.Rf7 Rxb2 35.Qd1 Qd4 36.Nc4 Ra2 37.Rd7 Qxd1
38.Bxd1 Kh8 39.Bb3 Ra1 40.Rxa1 Bxa1 41.Nd6 Rb8 42.Nf7+ Kg7 43.Ng5+ Kf8 44.Rf7+ Ke8
45.Ba4+ Kd8  1-0

[Event "ch-TUR 2012"]
[Site "Kemer TUR"]
[Date "2012.02.04"]
[Round "9"]
[White "Buyukasik,D"]
[Black "Ersahin,B"]
[Result "0-1"]
[WhiteElo "1986"]
[BlackElo "2167"]

1.d4 Nf6 2.c4 c5 3.d5 e6 4.Nc3 exd5 5.cxd5 d6 6.Nf3 g6 7.g3 Bg7 8.Bg2 O-O
9.O-O Na6 10.Nd2 Nc7 11.a4 b6 12.Qb3 Ba6 13.Re1 Re8 14.Nc4 Bxc4 15.Qxc4 a6
16.Bg5 h6 17.Bf4 Rb8 18.h3 b5 19.Qb3 Nh5 20.Bd2 bxa4 21.Qc2 Nb5 22.e3 Nxc3
23.Bxc3 Bxc3 24.bxc3 Rb6 25.Rxa4 Qf6 26.g4 Ng7 27.Qd3 Ra8 28.Rea1 Rb3 29.Rxa6 Rxa6
30.Qxa6 Rb2 31.Rf1 Rc2 32.c4 h5 33.Be4 Rb2 34.Qa1 hxg4 35.hxg4 Ne8 36.Qc1 Ra2
37.Qb1 Rb2 38.Qc1 Nc7 39.Qa1 Kg7 40.Qa7 Ne8 41.Qa3 Kf8 42.Kg2 Qe5 43.Bf3 Nf6
44.Rh1 Kg7 45.Qd3 Nd7 46.Be2 Ra2 47.f4 Qb2 48.Kf3 Ra3 49.Qb1 Qd2 50.Qg1 g5
51.Qf2 Qd4 52.Rd1 Qxf4+ 53.Kg2 Qxe3 54.Qxe3 Rxe3 55.Kf2 Re4 56.Kf3 Rf4+ 57.Kg3 Ne5
58.Ra1 Re4 59.Ra2 Kf6  0-1

[Event "Moscow Open 2012 A"]
[Site "Moscow RUS"]
[Date "2012.02.05"]
[Round "9.43"]
[White "Evdokimov,Alexa"]
[Black "Vavulin,M"]
[Result "1-0"]
[WhiteElo "2569"]
[BlackElo "2227"]

1.d4 Nf6 2.c4 c5 3.d5 e6 4.Nc3 exd5 5.cxd5 d6 6.Nf3 g6 7.Bf4 a6 8.a4 Bg7
9.h3 O-O 10.e3 Qe7 11.Be2 Nbd7 12.O-O Ne8 13.Nd2 Ne5 14.Bh2 f5 15.Qc2 Rb8
16.Kh1 Nc7 17.a5 b5 18.axb6 Rxb6 19.Rad1 Bd7 20.Rfe1 Rfb8 21.b3 Rb4 22.Na2 R4b7
23.f4 Nf7 24.Bc4 Bb5 25.e4 Bxc4 26.Nxc4 Rxb3 27.e5 Qd8 28.Na5 Rb2 29.Qc4 R8b5
30.Nc6 Qf8 31.Nc3 Rb7 32.Na4 R2b5 33.Nc3 Rb2 34.Na4 R2b5 35.Bg1 Kh8 36.e6 Nh6
37.e7 Qe8 38.Nxc5 R7b6 39.Ne6 Rb7 40.Nxg7 Kxg7 41.Bd4+ Kg8 42.Ba1 Nf7 43.Qc3 Ne5
44.Nxe5 Rb3 45.Ng4 Rxc3 46.Nf6+ Kf7 47.Nxe8  1-0

[Event "Frauenbundesliga 2011-12"]
[Site "Germany GER"]
[Date "2012.02.12"]
[Round "9.3"]
[White "Girya,O"]
[Black "Schulz,Stefan1"]
[Result "1/2-1/2"]
[WhiteElo "2390"]
[BlackElo "2075"]

1.d4 Nf6 2.Nf3 c5 3.d5 e6 4.c4 exd5 5.cxd5 d6 6.Nc3 g6 7.Nd2 Nbd7 8.e4 a6
9.a4 Qe7 10.Be2 Bg7 11.O-O O-O 12.Ra3 Rd8 13.Qc2 Nf8 14.Nc4 Bg4 15.f3 Bd7
16.Bf4 Ne8 17.a5 g5 18.Bd2 Ng6 19.Re1 Ne5 20.Ne3 Qf6 21.Na4 Bf8 22.Nb6 Rab8
23.Nec4 Ng6 24.Bc3 Qe7 25.Nxd7 Rxd7 26.Rb3 Qd8 27.Rb6 Bg7 28.Ne3 Ne7 29.Qa4 Rc8
30.f4 gxf4 31.Bg4 Rdc7 32.Bxg7 Nxg7 33.Nc4 f5 34.Bh3 Rd7 35.Qb3 Rcc7 36.Qf3 Nc8
37.exf5 Qf6 38.Qc3 Rf7 39.Rb3 Kf8 40.Qxf6 Rxf6 41.Nd2 Nxf5 42.Ne4 Nd4 43.Nxf6 Nxb3
44.Rf1 Nd4 45.Kh1 f3 46.gxf3 b5 47.Rg1 Ne7 48.Nxh7+ Kf7 49.Ng5+ Kf6 50.f4 Nxd5
51.Ne4+ Kf7 52.Nxd6+ Kf8 53.f5 Rh7 54.Bg4 Nf6 55.Bd1 Rd7 56.Nc8 Nc6 57.Bf3 Nd4
58.Nb6 Rd6 59.Bb7 Nb3 60.Nc8 Rd2 61.Bxa6 Nxa5 62.Rg6 Nd5 63.Bxb5 Rd1+ 64.Rg1 Ne3
65.Rxd1 Nxd1 66.b3 Ne3 67.Nd6 Nxb3 68.f6 Nd2 69.h3 c4 70.Kg1 c3 71.Bd3 c2
72.Bxc2 Nxc2 73.Kf2 Na3 74.Ke3 Nac4+ 75.Nxc4 Nxc4+ 76.Kd4 Nd6 77.Ke5 Kf7
78.Kxd6  1/2-1/2

[Event "ch-Central Serbia 2012"]
[Site "Pozarevac SRB"]
[Date "2012.02.18"]
[Round "8.5"]
[White "Radovanovic,D"]
[Black "Stojanovic,Andj"]
[Result "0-1"]
[WhiteElo "2367"]
[BlackElo "2297"]

1.d4 c5 2.d5 Nf6 3.c4 e6 4.Nc3 exd5 5.cxd5 d6 6.Nf3 g6 7.Bf4 a6 8.a4 Qe7
9.e3 Bg4 10.Be2 Bg7 11.h3 Bxf3 12.Bxf3 O-O 13.O-O Nbd7 14.Bh2 Ne8 15.Qb3 Rb8
16.Be2 f5 17.Rae1 g5 18.f4 gxf4 19.exf4 Bd4+ 20.Kh1 Qg7 21.Qc2 Qg6 22.Bd3 Ng7
23.Ne2 Be3 24.Ng3 Rbe8 25.Qb3 Bd4 26.Qxb7 Rxe1 27.Rxe1 c4 28.Qxd7 cxd3 29.Nf1 Re8
30.Rxe8+ Qxe8 31.Qxe8+ Nxe8 32.b3 Nf6 33.Bg1 Bc3 34.Ne3 d2 35.Nd1 Nxd5 36.g3 Bf6
37.Be3 Nc3 38.Bxd2 Nxd1 39.b4 Bc3  0-1

[Event "3rd Jerry Hanken FIDE Open"]
[Site "Stillwater USA"]
[Date "2012.02.18"]
[Round "3.2"]
[White "Botez,Alexandra"]
[Black "Langer,M USA"]
[Result "1-0"]
[WhiteElo "1995"]
[BlackElo "2212"]

1.d4 Nf6 2.c4 c5 3.d5 e6 4.Nc3 exd5 5.cxd5 d6 6.Nf3 g6 7.h3 Bg7 8.Bf4 O-O
9.e3 Qe7 10.Be2 Na6 11.Nd2 Rd8 12.O-O Bf5 13.Bxa6 bxa6 14.Nc4 Rab8 15.Rc1 Ne8
16.Re1 Qb7 17.e4 Bd7 18.e5 Qb4 19.Ne4 dxe5 20.Nxe5 Rbc8 21.Qf3 Bf5 22.Ng3 Qxb2
23.Nxf5 gxf5 24.Qh5 Qxa2 25.Qxf7+ Kh8 26.Nc6  1-0

[Event "16th Guingamp Open"]
[Site "Guingamp FRA"]
[Date "2012.02.19"]
[Round "2"]
[White "Purenne,B"]
[Black "Le Roux,JP"]
[Result "0-1"]
[WhiteElo "2185"]
[BlackElo "2534"]

1.d4 Nf6 2.c4 c5 3.d5 e6 4.Nc3 exd5 5.cxd5 d6 6.Nf3 a6 7.a4 g6 8.Nd2 Ng4
9.g3 Bg7 10.h3 Nf6 11.Nc4 O-O 12.Bf4 Ne8 13.Qd2 Nd7 14.Bg2 Nb6 15.Nxb6 Qxb6
16.a5 Qd8 17.Bg5 Qc7 18.h4 Nf6 19.Bh6 Bd7 20.h5 Bb5 21.Bxg7 Kxg7 22.Qg5 Ng8
23.hxg6 fxg6 24.Ne4 Rae8 25.Qd2 Nf6 26.Ng5 Bxe2 27.Ne6+ Rxe6 28.dxe6 Bc4
29.O-O-O Bxe6 30.Qxd6 Qf7 31.Qe5 Kg8 32.Rd6 Bf5 33.Bf1 Ne4 34.Rd1 Re8 35.Qd5 Nxf2
36.Bc4 Be6 37.Qxe6 Rxe6 38.Rhe1  0-1

[Event "US Amateur Team-ch East"]
[Site "Parsippany USA"]
[Date "2012.02.20"]
[Round "6"]
[White "Sarkar,J"]
[Black "Kapengut,A"]
[Result "1-0"]
[WhiteElo "2370"]
[BlackElo "2402"]

1.d4 Nf6 2.c4 c5 3.d5 e6 4.Nc3 exd5 5.cxd5 d6 6.Nf3 g6 7.Bf4 Nh5 8.Bg5 f6
9.Bh4 Na6 10.e3 Nc7 11.Nd2 Be7 12.Be2 Ng7 13.f3 O-O 14.O-O Rb8 15.a4 b6 16.Rb1 Bf5
17.e4 Bd7 18.b4 Nh5 19.Re1 cxb4 20.Rxb4 Qc8 21.Qb3 Na6 22.Bxa6 Qxa6 23.e5 g5
24.e6 Be8 25.Bf2 Nf4 26.Nb5 Qb7 27.Rd4 Rc8 28.Bg3 a6 29.Nc3 b5 30.axb5 axb5
31.Ne2 Nxe2+ 32.Rxe2 Rc1+ 33.Nf1 f5 34.Re1 Qc7 35.Rxc1 Qxc1 36.Rd1 Qc4 37.Nd2 Qe2
38.Qc2 b4 39.Re1 Qb5 40.Qc7 Qxd5 41.Qxe7 Qxd2 42.Qxd6 Qxd6 43.Bxd6 Rf6 44.Bxb4 h6
45.Kf2 f4 46.h4 Rf5 47.hxg5 Rb5 48.Bc3 Rc5 49.Bf6 hxg5 50.Ra1 Kh7 51.Ra8 Bc6
52.Rc8 Kg6 53.e7 Kxf6 54.Rxc6+ Rxc6 55.e8=Q Re6 56.Qf8+ Kg6 57.Kf1 Rf6 58.Qh8 Rf7
59.Qg8+ Rg7 60.Qe6+ Kh5  1-0

[Event "16th Metropolitan IM"]
[Site "Los Angeles USA"]
[Date "2012.02.23"]
[Round "2"]
[White "King,Alexander B"]
[Black "Amanov,Z"]
[Result "1/2-1/2"]
[WhiteElo "2081"]
[BlackElo "2402"]

1.d4 Nf6 2.c4 e6 3.Nf3 c5 4.d5 exd5 5.cxd5 d6 6.Nc3 g6 7.g3 Bg7 8.Bg2 O-O
9.O-O a6 10.a4 Nbd7 11.Nd2 Re8 12.h3 Rb8 13.Nc4 Nb6 14.Na3 Bd7 15.e4 Qc7
16.Re1 Nc8 17.Qd3 Na7 18.Nc4 b5 19.axb5 Nxb5 20.Bf4 Nh5 21.Bd2 Nxc3 22.Bxc3 Bb5
23.Bxg7 Nxg7 24.b3 Qd8  1/2-1/2

[Event "PriFO Champ RUS 2012"]
[Site "Tolyatti RUS"]
[Date "2012.02.29"]
[Round "3.14"]
[White "Iliushkin,E"]
[Black "Frolov,Arti"]
[Result "1/2-1/2`"]
[WhiteElo "2250"]
[BlackElo "2442"]

1.d4 Nf6 2.c4 c5 3.d5 e6 4.Nc3 exd5 5.cxd5 d6 6.Nf3 g6 7.e4 a6 8.a4 Bg4 9.Be2 Bxf3
10.Bxf3 Bg7 11.O-O O-O 12.Bf4 Qe7 13.Qd2 Re8 14.Rfe1 Nbd7 15.h3 Reb8 16.b3 Ne8
17.Bg4 Nef6 18.Bf3 Ne8 19.Bg4 Nef6 20.Bf3 Ne8 21.Bg4 Nef6 22.Bf3  1/2-1/2`

[Event "ch-Moscow S/F 2012"]
[Site "Moscow RUS"]
[Date "2012.03.02"]
[Round "6"]
[White "Kozhevnikov,Ivan"]
[Black "Vavulin,M"]
[Result "1-0"]
[WhiteElo "2050"]
[BlackElo "2227"]

1.d4 Nf6 2.Nf3 e6 3.c4 c5 4.d5 exd5 5.cxd5 d6 6.Nc3 g6 7.e4 a6 8.a4 Bg4 9.Be2 Bxf3
10.Bxf3 Bg7 11.Bf4 O-O 12.O-O Qe7 13.Re1 Nbd7 14.Qc2 Ne8 15.Be2 Nc7 16.a5 Rab8
17.Bg3 b5 18.axb6 Rxb6 19.f4 Rfb8 20.Ra2 Rb4 21.Bf1 Bd4+ 22.Kh1 h5 23.Bf2 Kg7
24.Bd3 Bxf2 25.Qxf2 Qf6 26.g3 R8b6 27.Qe2 Qd4 28.Rd1 c4 29.Bc2 Qf6 30.Bb1 Nb5
31.Na4 Rb8 32.Qd2 a5 33.Bc2 Nc7 34.Qc3 Na6 35.Re1 Qxc3 36.bxc3 R4b5 37.Kg2 Ndc5
38.Kf3 Nb3 39.Ke3 Re8 40.Kf2 Kf6 41.Rd1 Reb8 42.Kf3 Nbc5 43.Ke3 Nb3 44.Kf3 Nac5
45.Nxc5 Nxc5 46.Ke3 Nb3 47.Ra4 Rc8 48.Bxb3 cxb3 49.c4 Rb6 50.Kd4 Rc5 51.e5+ Ke7
52.Rb1 Rb8 53.Kc3 Rbc8 54.Kxb3 Kd7 55.Rd1 Rb8+ 56.Kc3 Rbc8 57.Kd4 Rb8 58.Rda1 Ra8
59.Rb1 Rc7 60.exd6 Kxd6 61.c5+ Kd7 62.d6 Rca7 63.Kd5 Rc8 64.Re1 Ra6 65.Re7+ Kd8
66.Rae4  1-0

[Event "32nd TCh-IND 2012"]
[Site "Panaji IND"]
[Date "2012.03.02"]
[Round "7"]
[White "Akshat,Kh"]
[Black "Praveen Kumar,C1"]
[Result "1/2-1/2"]
[WhiteElo "2414"]
[BlackElo "2338"]

1.d4 e6 2.c4 Nf6 3.Nc3 c5 4.d5 exd5 5.cxd5 d6 6.Nf3 g6 7.Bf4 a6 8.a4 Bg7
9.e3 Bg4 10.Be2 Bxf3 11.Bxf3 O-O 12.O-O Qc7 13.Be2 Nbd7 14.Qc2 Rfe8 15.h3 Ne5
16.Bg3 Rac8 17.Rfd1 Qa5 18.f4 Ned7 19.e4 c4 20.Bf3 h6 21.Kh1 Qc5 22.a5 g5
23.Bf2 Qc7 24.e5 dxe5 25.fxg5 hxg5 26.d6 Qb8 27.Qf5 Re6 28.Nd5 e4 29.Nxf6+ Nxf6
30.Be2 e3 31.Be1 Rd8 32.Bxc4 Rexd6 33.Rxd6 Qxd6 34.Qxg5 Rc8 35.Bb3 e2 36.Rc1 Re8
37.Bc3 Rc8 38.Be1 Re8 39.Bc3 Rc8 40.Be1  1/2-1/2

[Event "ch-Moscow S/F 2012"]
[Site "Moscow RUS"]
[Date "2012.03.04"]
[Round "7"]
[White "Yakimenko,Alex"]
[Black "Shmatkov,M"]
[Result "1-0"]
[WhiteElo "2258"]
[BlackElo "2161"]

1.d4 Nf6 2.c4 c5 3.d5 e6 4.Nc3 exd5 5.cxd5 d6 6.Nf3 g6 7.g3 Bg7 8.Bg2 O-O
9.O-O Bg4 10.Nd2 Qd7 11.Re1 b5 12.a4 b4 13.Ncb1 Na6 14.Nc4 Nc7 15.Bf4 Nce8
16.Qc1 Bh3 17.Bh1 Ng4 18.Nbd2 f5 19.Nb3 Rd8 20.Nba5 Bd4 21.Ne3 Qg7 22.Nxg4 fxg4
23.Rb1 g5 24.Be3 Rd7 25.Nc6 Qf6 26.f3 Bxe3+ 27.Qxe3 Ng7 28.Qd2 h5 29.Qe3 h4
30.fxg4 Rdf7 31.Bg2 Re8 32.Qf3 Qh6 33.Qd3 Bxg4 34.e4 Nh5 35.Rf1 Rh7 36.e5 hxg3
37.hxg3 Ng7 38.Rf6 Qh2+ 39.Kf2 c4 40.Qg6 Rh3 41.Rf7 Qxg3+ 42.Kg1 Qe3+ 43.Rf2 Bf5
44.Qxe8+ Nxe8 45.Ne7+ Kh7 46.Nxf5 Qd3 47.Re1 Rg3 48.Nxg3 Qxg3 49.exd6 Nxd6
50.Re7+ Kg8 51.Rf3 Qh4 52.Re6 Qd4+ 53.Kh2 Kg7 54.Re7+ Kg8 55.Re6 g4 56.Rg3 Nf5
57.Rg6+ Kf7 58.R3xg4 Qxb2 59.Re6 Qd2 60.Rxc4 Qh6+ 61.Rxh6  1-0

[Event "PriFO Champ RUS 2012"]
[Site "Tolyatti RUS"]
[Date "2012.03.06"]
[Round "9.16"]
[White "Sanzhaev,D"]
[Black "Frolov,Arti"]
[Result "1-0"]
[WhiteElo "2282"]
[BlackElo "2442"]

1.d4 Nf6 2.c4 c5 3.d5 e6 4.Nc3 exd5 5.cxd5 d6 6.Nf3 g6 7.Bf4 Bg7 8.Qa4+ Bd7
9.Qb3 Qc7 10.e4 O-O 11.Nd2 Nh5 12.Be3 f5 13.exf5 gxf5 14.Be2 f4 15.Bxc5 Qxc5
16.Nce4 Qb6 17.Bxh5 Qxb3 18.axb3 Bxb2 19.Ra2 Be5 20.Nc4 Na6 21.Ncxd6 Nb4
22.Rd2 b5 23.Be2 a6 24.O-O Rab8 25.Nc5 Rfd8 26.Ndb7 Bc3 27.Nxd8 Bxd2 28.Nde6 Bxe6
29.dxe6 Bc3 30.Bh5 Nd5 31.Rd1 Ne7 32.Rd7 Rc8 33.Nxa6 Be5 34.g3 Kf8 35.Nb4 Rc3
36.Nd5 Nxd5 37.Rxd5 Bf6 38.Rd7 Be7 39.Rd4 Ba3 40.Rxf4+ Ke7 41.Bg4 Rxb3 42.Rf7+ Ke8
43.Bh5 Rb1+ 44.Kg2 Be7 45.Rf3+ Kd8 46.Rd3+ Kc8 47.Rd7  1-0

[Event "Zagreb Open A"]
[Site "Zagreb CRO"]
[Date "2012.03.06"]
[Round "2.7"]
[White "Martinovic,Sa"]
[Black "Djurovic,G"]
[Result "1-0"]
[WhiteElo "2496"]
[BlackElo "2361"]

1.d4 Nf6 2.c4 e6 3.Nf3 c5 4.d5 d6 5.Nc3 exd5 6.cxd5 g6 7.Bf4 a6 8.a4 Bg7
9.h3 O-O 10.e3 Nh5 11.Bh2 f5 12.Be2 f4 13.O-O Qe7 14.exf4 Nxf4 15.Re1 Bxc3
16.bxc3 Qf6 17.Bf1 Nd7 18.c4 Ne5 19.Nxe5 dxe5 20.Ra3 Bd7 21.Rae3 Rae8 22.Qa1 a5
23.Rxe5 Rxe5 24.Qxe5 Bxa4 25.Qxf6 Rxf6 26.Ra1 b5 27.cxb5 Bb3 28.Rxa5 Nxd5
29.Ra8+ Kf7 30.Rc8 c4 31.Rxc4 Re6 32.Rc1 Nb6 33.Bf4 Re4 34.Bc7 Nd5 35.f3 Rb4
36.Bd6 Rd4 37.Rb1 Ba2 38.b6 Bxb1 39.b7 Rd1 40.b8=Q Bd3 41.Qb3 Rxf1+ 42.Kh2 Ke6
43.Qxd3 Ra1 44.Bc5  1-0

[Event "Zagreb Open A"]
[Site "Zagreb CRO"]
[Date "2012.03.06"]
[Round "2.17"]
[White "Bosiocic,Mari"]
[Black "Urukalovic,R"]
[Result "1-0"]
[WhiteElo "2562"]
[BlackElo "2246"]

1.d4 Nf6 2.c4 c5 3.d5 e6 4.Nc3 exd5 5.cxd5 d6 6.Nf3 g6 7.Bf4 a6 8.Nd2 Nbd7
9.e4 Nh5 10.Be3 b5 11.Be2 Ng7 12.O-O Be7 13.a4 b4 14.Ncb1 O-O 15.Nc4 f5 16.f3 f4
17.Bf2 a5 18.Nbd2 Ba6 19.Re1 Kh8 20.Rc1 Bb7 21.Nb3 Ba6 22.Nbxa5 Bxc4 23.Nxc4 Nb6
24.Nxb6 Qxb6 25.Bb5 Bf6 26.e5 Be7 27.Qc2 dxe5 28.Rxe5 Nf5 29.Bc6 Ra5 30.Rxe7 Nxe7
31.Bxc5 Qd8 32.Bxb4 Ra7 33.Qc5  1-0

[Event "TCh-SVK Extraliga 2011-12"]
[Site "Slovakia SVK"]
[Date "2012.03.09"]
[Round "9.6"]
[White "Svana,P"]
[Black "Skara,V"]
[Result "1-0"]
[WhiteElo "2258"]
[BlackElo "2219"]

1.d4 Nf6 2.c4 c5 3.d5 e6 4.Nc3 exd5 5.cxd5 d6 6.Nf3 g6 7.h3 Bg7 8.Bf4 O-O
9.e3 a6 10.a4 Bf5 11.Qb3 Qc7 12.Nd2 Rd8 13.Be2 h6 14.O-O g5 15.Bh2 Nbd7 16.Nc4 Bf8
17.f4 g4 18.hxg4 Bxg4 19.Bd3 Rab8 20.e4 Ne8 21.Kh1 Bg7 22.e5 dxe5 23.fxe5 b5
24.axb5 axb5 25.Nxb5 Qb7 26.Na5 Qb6 27.Nc6 Nc7 28.Nxd8 Rxd8 29.e6 Nxb5 30.exf7+ Kh8
31.Qxb5 Qxb5 32.Bxb5 Nf8 33.Rae1 Rxd5 34.Re8 Kh7 35.Bc6 Rh5 36.Be4+ Kh8 37.Ra1 Bd7
38.Raa8 Rh4 39.Rxf8+ Bxf8 40.Rxf8+ Kg7 41.Rd8 Kxf7 42.Rxd7+ Ke8 43.Bc6  1-0

[Event "Nis Open 2012"]
[Site "Nis SRB"]
[Date "2012.03.11"]
[Round "1"]
[White "Djukic,Z SRB"]
[Black "Zdravkovic,DS"]
[Result "1-0"]
[WhiteElo "2382"]
[BlackElo "1947"]

1.d4 Nf6 2.c4 c5 3.d5 e6 4.Nc3 exd5 5.cxd5 d6 6.Nf3 a6 7.a4 g6 8.Bf4 Bg7
9.h3 O-O 10.e3 Re8 11.Nd2 Qc7 12.Be2 Nbd7 13.O-O b6 14.Bh2 Rb8 15.e4 Re7
16.Kh1 Ne8 17.Qb3 f5 18.f3 Ne5 19.Rae1 Nf7 20.exf5 gxf5 21.Qc2 Qb7 22.Bd3 Nh6
23.Nc4 Qd7 24.Qd2 b5 25.axb5 axb5 26.Na5 Rxe1 27.Rxe1 Bf8 28.Nc6 Rb6 29.Bxb5 Qf7
30.Nd8 Qf6 31.Rxe8 Rxb5 32.Nxb5 Bd7 33.Rxf8+ Kxf8 34.Ne6+ Bxe6 35.Bxd6+ Kg8
36.dxe6 Qxe6 37.Bxc5 Nf7 38.b4 h6 39.Nc7 Qe5 40.Nd5 f4 41.Ne7+  1-0

[Event "ch-Moscow Final 2012"]
[Site "Moscow RUS"]
[Date "2012.03.12"]
[Round "3"]
[White "Kurukin,D"]
[Black "Vavulin,M"]
[Result "0-1"]
[WhiteElo "2375"]
[BlackElo "2283"]

1.d4 Nf6 2.c4 c5 3.d5 e6 4.Nc3 exd5 5.cxd5 d6 6.Nf3 g6 7.Bf4 Bg7 8.Qa4+ Bd7
9.Qb3 Qc7 10.a4 Nh5 11.Bd2 O-O 12.e3 Bg4 13.Be2 Nd7 14.h3 Bxf3 15.gxf3 a6
16.f4 Nhf6 17.h4 Rab8 18.Qc2 Qd8 19.Rb1 b5 20.axb5 axb5 21.b4 Nb6 22.e4 cxb4
23.Rxb4 Nc4 24.Bxc4 bxc4 25.Rxc4 Re8 26.Kf1 Rc8 27.Rxc8 Qxc8 28.Qd3 Nd7 29.f3 Nc5
30.Qb5 Re7 31.Qc4 Rb7 32.Ke2 Qb8 33.Rd1 Rb4 34.Qa2 Rb2 35.Qa3 Nb3 36.Kd3 Nxd2  0-1

[Event "e2e4 High Wycombe Open"]
[Site "High Wycombe ENG"]
[Date "2012.03.17"]
[Round "2"]
[White "Reid,V"]
[Black "Turner,Jos"]
[Result "0-1"]
[WhiteElo "1837"]
[BlackElo "2013"]

1.d4 Nf6 2.c4 c5 3.d5 e6 4.Nc3 exd5 5.cxd5 d6 6.Nf3 g6 7.Qa4+ Bd7 8.Qb3 Qc7
9.e4 a6 10.a4 Bg7 11.h3 O-O 12.Bd3 b6 13.O-O Ra7 14.Bf4 Nh5 15.Bh2 Rb7 16.Nd2 b5
17.axb5 Bxc3 18.bxc3 axb5 19.Be2 Nf6 20.Rfb1 Re8 21.Bf3 Bc8 22.e5 dxe5 23.d6 Qxd6
24.Bxb7 Bxb7 25.Qxb5 Bc6 26.Qe2 Qd5 27.f3 Nh5 28.Ne4 Nd7 29.Rd1 Qb3 30.Rab1 Qa4
31.Ra1 Qb3 32.Nd6 Re6 33.Qa6 Bd5 34.Rab1 Qc2 35.Qc8+ Nf8 36.Qc7 Rf6 37.Rbc1 Qe2
38.Qxc5 Bxf3 39.gxf3 Rxf3 40.Rf1 Rxh3 41.Rf2 Qg4+ 42.Rg2 Qe6 43.Qxe5 Rxh2
44.Qxe6 Rxg2+ 45.Kxg2 Nf4+ 46.Kh2 N8xe6 47.Nb5 Nc7 48.c4 Nfe6 49.c5 Kf8 50.Kg3 Ke7
51.Rd1 f5 52.c6 h5 53.Rd7+ Kf6 54.Nd4 f4+ 55.Kf3 Nxd4+ 56.Rxd4 g5 57.Ra4 Ne6  0-1

[Event "ch-Moscow Final 2012"]
[Site "Moscow RUS"]
[Date "2012.03.17"]
[Round "8"]
[White "Krylov,M RUS"]
[Black "Vavulin,M"]
[Result "0-1"]
[WhiteElo "2503"]
[BlackElo "2283"]

1.d4 Nf6 2.c4 c5 3.d5 e6 4.Nc3 exd5 5.cxd5 d6 6.Nf3 g6 7.g3 Bg7 8.Bg2 O-O
9.O-O Re8 10.Bf4 Na6 11.Re1 Bg4 12.Qb3 Rb8 13.Nb5 Re4 14.a3 c4 15.Qc2 Qb6
16.Nc3 Ree8 17.Nd2 Rbc8 18.e4 Nh5 19.Be3 Qa5 20.h3 Bd7 21.g4 Nf6 22.Bf4 Qc7
23.Nf3 Nc5 24.e5 dxe5 25.Nxe5 Nh5 26.d6 Qxd6 27.Rad1 Nd3 28.Nxd3 Nxf4 29.Nxf4 Qxf4
30.Rxe8+ Bxe8 31.Bxb7 Rb8 32.Bg2 Be5 33.Qe2 Kg7 34.Rd2 Rb6 35.Qe3 Qh2+ 36.Kf1 Bc6
37.Bxc6 Rxc6 38.Rd7 Qh1+ 39.Ke2 Re6 40.Ne4 Bf6 41.f3 Rb6 42.b4 cxb3 43.g5 Qg2+
44.Ke1 Be5 45.Qc5 Bg3+ 46.Nxg3 Qxg3+ 47.Kd2 Qg2+ 48.Kd1 Qxf3+ 49.Kd2 Qf4+
50.Kd1 Qf3+ 51.Kd2 Qf4+ 52.Kd1 h5 53.Rd8 Qf3+ 54.Kd2 Qf4+ 55.Kd1 Kh7 56.Qf8 Qf1+
57.Kd2 Qf2+ 58.Kd3 Qf5+ 59.Kd4 Qf2+ 60.Kd3 Qc2+ 61.Kd4 Qd2+ 62.Kc4 Qe2+ 63.Kd4 Qb2+
64.Kc4 Qg7  0-1

[Event "TCh-AUT 2 Ost 2011-12"]
[Site "Vienna AUT"]
[Date "2012.03.18"]
[Round "9"]
[White "Leitner,G"]
[Black "Stangler,P"]
[Result "1/2-1/2"]
[WhiteElo "2234"]
[BlackElo "1968"]

1.c4 Nf6 2.d4 e6 3.Nc3 c5 4.d5 exd5 5.cxd5 d6 6.Nf3 g6 7.Nd2 Na6 8.e4 Nc7
9.a4 b6 10.Be2 Bg7 11.O-O O-O 12.Kh1 Rb8 13.Nc4 Ba6 14.Bg5 Bxc4 15.Bxc4 a6
16.Qd3 b5 17.axb5 axb5 18.Nxb5 Nxb5 19.Bxb5 Qb6 20.Bc4 Qxb2 21.Bf4 Ng4 22.Ra2 Qf6
23.Qg3 Ne5 24.Bg5 Nxc4 25.Bxf6 Bxf6 26.h4 Rb4 27.h5 Re8 28.Re2 Re5 29.hxg6 hxg6
30.Qg4 Rb8 31.g3 Rh5+ 32.Kg2 Ne5 33.Qxh5 gxh5 34.Rh1 Rc8 35.f4 Nd3 36.Kf3 Bd4
37.Rxh5 c4 38.e5 dxe5 39.fxe5 Bxe5 40.Rhxe5 Nxe5+ 41.Rxe5 c3 42.Re1 c2 43.Rc1 Kf8
44.Ke3 Ke7 45.Kd3 Kd6 46.Rxc2 Rxc2  1/2-1/2

[Event "ch-VIE Men 2012"]
[Site "Can Tho VIE"]
[Date "2012.03.19"]
[Round "1.9"]
[White "Pham Chuong"]
[Black "Vu,Phi Hung"]
[Result "1-0"]
[WhiteElo "2398"]
[BlackElo "2105"]

1.d4 Nf6 2.Nf3 e6 3.c4 c5 4.d5 exd5 5.cxd5 d6 6.Nc3 g6 7.g3 Bg7 8.Bg2 O-O
9.O-O a6 10.a4 Nbd7 11.Bf4 Qe7 12.Qc1 Re8 13.Bh6 Bh8 14.Bg5 Ne5 15.Nxe5 Qxe5
16.h3 Bd7 17.a5 Bb5 18.Re1 Bc4 19.Ra4 Bb3 20.Ra3 c4 21.Qd2 Nh5 22.g4 Nf6
23.Bf4 Qe7 24.Bg3 Bg7 25.Raa1 Rac8 26.Kh2 h5 27.g5 Nd7 28.Ne4 Ne5 29.f4 c3
30.bxc3 Nc4 31.Qd3 Qd7 32.h4 Nb2 33.Qb1 Bxd5 34.Nf6+ Bxf6 35.Bxd5 Bxc3 36.Qxg6+ Kf8
37.Qh6+ Bg7 38.Qxh5 Rc2 39.Ra3 Rd2 40.Bf3 Nc4 41.Rd3 Ne3 42.Rxd2  1-0

[Event "Final 4 of College Chess 2012"]
[Site "Herndon USA"]
[Date "2012.03.31"]
[Round "1"]
[White "Moradiabadi,E"]
[Black "Margvelashvili,G"]
[Result "1/2-1/2"]
[WhiteElo "2542"]
[BlackElo "2547"]

1.d4 e6 2.Nf3 Nf6 3.c4 c5 4.d5 d6 5.Nc3 exd5 6.cxd5 a6 7.a4 g6 8.Bf4 Bg7
9.h3 O-O 10.e3 Qe7 11.Be2 Nbd7 12.O-O Ne8 13.Nd2 Rb8 14.a5 Ne5 15.Na4 Bd7
16.Nc4  1/2-1/2

[Event "TCh-CZE Liga1 Vychod"]
[Site "Czech Rep CZE"]
[Date "2012.04.01"]
[Round "11"]
[White "Polak,T"]
[Black "Kanovsky,D"]
[Result "1/2-1/2"]
[WhiteElo "2543"]
[BlackElo "2462"]

1.d4 Nf6 2.c4 c5 3.d5 e6 4.Nc3 exd5 5.cxd5 d6 6.Nf3 g6 7.Qa4+ Nbd7 8.Bf4 a6
9.e4 Be7 10.Qc2 b5 11.a4 b4 12.Nb1 O-O 13.Nbd2 Re8 14.Bd3 a5 15.O-O Nb6 16.h3 Ba6
17.Bxa6 Rxa6 18.Rfe1 Nfd7 19.Nc4 Nxc4 20.Qxc4 Qa8 21.Nd2 Nb6 22.Qb3 Qb7 23.Rac1 Bf8
24.Nc4 Nxc4 25.Rxc4 Bg7 26.Re2 Qd7 27.Qc2 Raa8 28.b3 Bd4  1/2-1/2

[Event "VIII Lubuska Wiosna Open"]
[Site "Gorzow Wielkopolski POL"]
[Date "2012.04.04"]
[Round "1"]
[White "Malaniuk,V"]
[Black "Jankowiak,Piotr"]
[Result "1-0"]
[WhiteElo "2509"]
[BlackElo "1559"]

1.Nf3 Nf6 2.d4 e6 3.c4 c5 4.d5 exd5 5.cxd5 d6 6.Nc3 Be7 7.e4 Bg4 8.Qa4+ Nbd7
9.Nd2 a6 10.h3 b5 11.Qc2 Bh5 12.a4 b4 13.Ne2 Bxe2 14.Bxe2 O-O 15.O-O Qb6
16.b3 Ne5 17.Kh1 Nfd7 18.f4 Ng6 19.Bg4 Ra7 20.Nc4 Qc7 21.Bb2 Nf6 22.Be2 Re8
23.Rad1 Bd8 24.e5 dxe5 25.fxe5 Nd7 26.Rxf7 Kxf7 27.Nd6+ Ke7 28.Qf5  1-0

[Event "Cebanenco Mem IM 2012"]
[Site "Kishinev MDA"]
[Date "2012.04.05"]
[Round "4"]
[White "Itkis,B"]
[Black "Grinev,V"]
[Result "1-0"]
[WhiteElo "2434"]
[BlackElo "2404"]

1.d4 Nf6 2.Nf3 e6 3.c4 c5 4.d5 exd5 5.cxd5 d6 6.Nc3 g6 7.Bf4 a6 8.a4 Bg7
9.h3 O-O 10.e3 Qe7 11.Be2 Nbd7 12.O-O h6 13.Bh2 Ne8 14.Qb3 f5 15.Rfe1 Nef6
16.Nd2 Ne5 17.Bf1 Kh8 18.a5 Re8 19.Qb6 Nfd7 20.Qb3 g5 21.f4 Ng6 22.Bg3 Nf6
23.Nc4 g4 24.hxg4 Nxg4 25.Qb6 Rd8 26.Rad1 Bf6 27.e4 Bh4 28.exf5 Qf6 29.Ne4 Qe7
30.Nexd6 Rxd6 31.Rxe7 Rxb6 32.Re8+ Kg7 33.Bxh4  1-0